000 00846nas a2200289 4500
001 BR2018001607
003 BR-BrBNA
005 20231205131355.0
007 ta
008 230509b bl.|||p| |||| 00| 00por d
040 _aBR-BrBNA
_bpor
_cBiblioteca Nacional de Agricultura
041 _a(Pt)
072 _aF04
100 1 _aMueller, S.
100 1 _aWamser, A.F.
100 1 _aValmorbida, J.
100 1 _aFeltrim, A.L.
100 1 _aBecker, W.F.
245 1 _aParcelamento de adubação fosfatada no plantio e em cobertura do tomateiro
650 _aTOMATE
650 _aFERTIRRIGAÇÃO
650 _aFÓSFORO
650 _aPRODUTIVIDADE
773 0 _tAgropecuária Catarinense (Brazil)
_xISSN 0103-0779
_g(May-Aug 2018), v. 31(2) p. 54-57
_wBR2018001607
909 _a202311
_bLúcia
_c55
_dLúcia Elande
942 _2AGRIS
_n0
_cANA
999 _c254456
_d254456